000 00855nam a22002897a 4500
001 4486925
003 OSt
005 20140310181712.0
008 970523s1996 ph 000 1 eng
010 _a 96946093
020 _a9712705102
040 _aDLC
_cDLC
042 _alcode
050 0 0 _aPL 5539
_b.Ap645 1996
082 _aFIL 899.2103
_bAp4 1996
100 1 _aApostol, Gina.
245 1 0 _aCatfish arriving in little schools /
_cGina Apostol, Jaime An Lim, Clinton Palanca.
260 _aPasig City, Philippines :
_bPublished and exclusively distributed by Anvil Pub.,
_cc1996.
300 _ax, 279 p. :
_c22 cm.
500 _aShort stories.
500 _a"Fiction by new writers 1995"--Cover.
562 _e1
906 _a7
_bcbc
_corigode
_d4
_encip
_f19
_gy-gencatlg
942 _2lcc
_cBK
999 _c1621
_d1621